Introduction to Soil Science (Record no. 51069)

MARC details
000 -LEADER
fixed length control field 00489nam a22001577a 4500
003 - CONTROL NUMBER IDENTIFIER
control field OSt
008 - FIXED-LENGTH DATA ELEMENTS--GENERAL INFORMATION
fixed length control field 260601b |||||||| |||| 00| 0 eng d
020 ## - INTERNATIONAL STANDARD BOOK NUMBER
International Standard Book Number 9789390425389
082 ## - DEWEY DECIMAL CLASSIFICATION NUMBER
Classification number 631.4
Item number S55I
100 ## - MAIN ENTRY--PERSONAL NAME
Personal name Shivanna, M.
245 ## - TITLE STATEMENT
Title Introduction to Soil Science
260 ## - PUBLICATION, DISTRIBUTION, ETC. (IMPRINT)
Place of publication, distribution, etc Delhi:
Name of publisher, distributor, etc International Books and Periodicals Supply Service,
Date of publication, distribution, etc 2022.
300 ## - PHYSICAL DESCRIPTION
Extent x, 438 p.
650 ## - SUBJECT ADDED ENTRY--TOPICAL TERM
Topical term or geographic name as entry element Technology (Applied Sciences) | Agriculture and Related Technologies | Soil Science
942 ## - ADDED ENTRY ELEMENTS (KOHA)
Source of classification or shelving scheme
Koha item type Books
Holdings
Withdrawn status Lost status Source of classification or shelving scheme Damaged status Not for loan Home library Current library Shelving location Date acquired Source of acquisition Cost, normal purchase price Total Checkouts Full call number Barcode Date last seen Bill Date Koha item type Bill Number
          Dr. Rajendra Prasad Central Agricultural University Pusa, Dr. Rajendra Prasad Central Agricultural University Pusa, General Stacks 01/06/2026 Delight Book Agency 3950.00   631.4 S55I 87233 01/06/2026 29/01/2026 Books Bill No. DBS/0262025-2026
Hosted, Implemented, Customized & Maintained by: BestBookBuddies

Powered by Koha